000 00596nam a2200169Ia 4500
003 GCL
008 140319s9999 xx 000 0 ara d
040 _aGCL /
_cGCL
082 0 4 _a214.15
_bم د
100 1 _aمحمد محروس الشناوى
245 1 0 _aدليل التاصيل الاسلامى لعلم النفس /
_cمحمد محروس الشناوى
260 _aالرياض :
_bجامعة الملك سعود ،
_c1996
300 _a103 ص ؛
_c24 سم
650 0 4 _aالاسلام وعلم النفس
650 0 4 _aالاسلام - مقالات و محاضرات
942 _2ddc
_cBK
999 _c7045
_d7045